000 00413nam a2200181Ia 4500
001 16013
005 20260306170238.0
008 260306t2019||||xx |||||||||||||| ||und||
041 _aESP
082 _a346.52
_bM49
100 _aMezzasoma, Lorenzo
_eAUT
245 0 _aTurismo y daños
260 _c2019
300 _a309 páginas :
_c23 cm.
650 _aGEN
654 _aCDE
942 _cLIB
_dJUS
_fJUS
_2ddc
_n
999 _c16013
_d16013